A theology of mutuality (Record no. 130431)
[ view plain ]
| 000 -LEADER | |
|---|---|
| fixed length control field | 00516nam a22001457a 4500 |
| 008 - FIXED-LENGTH DATA ELEMENTS--GENERAL INFORMATION | |
| fixed length control field | 200319b ||||| |||| 00| 0 eng d |
| 050 ## - LIBRARY OF CONGRESS CALL NUMBER | |
| Classification number | BV2061.D533 |
| 100 ## - MAIN ENTRY--PERSONAL NAME | |
| Personal name | Dharmaraj, Glory E. |
| 9 (RLIN) | 49722 |
| 245 ## - TITLE STATEMENT | |
| Title | A theology of mutuality |
| Remainder of title | a paradigm for mission in the twenty-first century |
| Statement of responsibility, etc | Glory E. Dharmaraj and Jacob S. Dharmaraj |
| 260 ## - PUBLICATION, DISTRIBUTION, ETC. (IMPRINT) | |
| Place of publication, distribution, etc | New York |
| Name of publisher, distributor, etc | United Methodist Women |
| Date of publication, distribution, etc | 2014 |
| 300 ## - PHYSICAL DESCRIPTION | |
| Extent | 174p. ; |
| Dimensions | 23cm. |
| 650 ## - SUBJECT ADDED ENTRY--TOPICAL TERM | |
| Topical term or geographic name as entry element | Missions |
| General subdivision | Theory |
| 9 (RLIN) | 49723 |
| 700 ## - ADDED ENTRY--PERSONAL NAME | |
| Personal name | Dharmaraj, Jacob S. |
| 9 (RLIN) | 49724 |
| 942 ## - ADDED ENTRY ELEMENTS (KOHA) | |
| Source of classification or shelving scheme | Library of Congress Classification |
| Item type | Monograph ( Printed materials) |
| Withdrawn status | Lost status | Source of classification or shelving scheme | Damaged status | Not for loan | Collection code | Home library | Current library | Shelving location | Date acquired | Total Checkouts | Full call number | Barcode | Date last seen | Price effective from | Koha item type |
|---|---|---|---|---|---|---|---|---|---|---|---|---|---|---|---|
| Library of Congress Classification | Main Collection | ARRUPE LIBRARY | ARRUPE LIBRARY | Main Collection | 19/03/2020 | BV2061.D533 | 46600006864 | 19/03/2020 | 19/03/2020 | Monograph ( Printed materials) |